Statystyki dla QUIZ POLSKA CZY WŁOCHY

Kliknij tutaj aby rozwiązać quiz!

Ogólne statystyki

  • Ten quiz został rozwiązany 82 razy
  • Średni wynik to 7 z 9

Statystyki odpowiedzi

ZagadnienieOdpowiedź% Poprawnych
PIZZA, SPAGHETTIWŁOCHY
97%
KTÓRY Z TYCH KRAJÓW POSIADA DOSTĘP DO TRZECH MÓRZWŁOCHY
96%
W KTÓRYM KRAJU JEST WIĘCEJ JEZIORPOLSKA
83%
TEN KRAJ MA TYLKO 2 WYSPY A JEDNA JESTPODZIELONA Z NIEMCAMIPOLSKA
83%
W KTÓRYM KRAJU MIESZKA WIĘCEJ LUDZIWŁOCHY
82%
CO WOLISZ POLSKĘ CZY WŁOCHYPOLSKA
77%
W TYM KRAJU JEST WYŻSZY SZCZYT GÓRSKIWŁOCHY
72%
CZY PODOBAŁ CI SIĘ MÓJ QUIZTAK POLSKA GÓRĄ
69%
KTÓRY KRAJ MA WIEKSZĄ POWIERZCHNIEPOLSKA
64%

Rozkład punktacji

Percentyl według liczby udzielonych odpowiedzi

Procent ludzi z każdym wynikiem

Twoja historia wyników

Nie rozwiązałeś tego quizu